Vowel-less 'The Office' Characters Quiz Stats

 Plays Quiz Updated Sep 17, 2019

Score 0/30 Timer 04:00
4 Plays Today
Vowel-less Name Character % Correct
mchl scttMichael Scott
97.2%
stnly hdsnStanley Hudson
93.1%
jm hlprtJim Halpert
92.9%
ryn hwrdRyan Howard
92.7%
kvn mlnKevin Malone
90.6%
ndy brnrdAndy Bernard
90.4%
dwght schrtDwight Schrute
89.3%
tby flndrsnToby Flenderson
88.8%
hlly flxHolly Flax
87.3%
tdd pckrTodd Packer
87.2%
bb vncBob Vance
87.2%
scr mrtnzOscar Martinez
85.9%
crd brttnCreed Bratton
82.2%
dvd wllcDavid Wallace
79.6%
mrdth plmrMeredith Palmer
78%
Vowel-less Name Character % Correct
jn lvnsnJan Levinson
77.2%
klly kprKelly Kapoor
76.2%
drryl phlbnDarryl Philbin
76%
pm bslyPam Beesly
73.9%
ngl mrtnAngela Martin
69.6%
j bnnttJo Bennett
67.6%
gb lwsGabe Lewis
64.3%
rbrt clfrnRobert California
62.9%
jsh prtrJosh Porter
59.7%
ms schrtMose Schrute
54.7%
ry ndrsnRoy Anderson
54.6%
phylls lpnPhyllis Lapin
50%
krn flppllKaren Filippelli
46.3%
rn hnnnErin Hannon
44.3%
nll brtrmNellie Bertram
34.2%

You're not logged in!

Compare scores with friends on all Sporcle quizzes.
OR
Log In

Sporcle TV

Today on Sporcle TV


Watch our educational content, quiz creation guides, and fun videos on Sporcle TV.

Show Comments

Extras

Top Quizzes Today


Score Distribution

Your Account Isn't Verified!

In order to create a playlist on Sporcle, you need to verify the email address you used during registration. Go to your Sporcle Settings to finish the process.

Report this User

Report this user for behavior that violates our Community Guidelines.

Details: